000 00484nam a2200145Ia 4500
008 231129s1994||||xx |||||||||||||| ||spa||
020 _a84-7583-612-7
040 _bspa
082 _a658.84 I97d
100 _aIyer Vinoo
245 0 _aDirección y motivación de las redes de distribución comercial: Cómo alcanzar los mejores resultados de nuestros agentes y distribuidores
260 _c1994
264 _aEdiciones Folio
942 _2ddc
_cBKS
999 _c9622
_d9622